[Event "Pohár města Říčany 2018"]
[Site "Městské kulturní středisko U labutě"]
[Date "2019.08.29"]
[Round "7.21"]
[White "Steiner, Juraj"]
[Black "Nemecek, Lukas"]
[Result "1-0"]
[WhiteElo "1920"]
[BlackElo "1778"]
[PlyCount "0"]
[EventDate "2019.08.24"]

1. d4 f5 2. Nc3 d5 3. Nf3 Nf6 4. Bf4 e6 5. e3 Bd6 6. Ne5 a6 7. Bd3 Nbd7 8. O-O
O-O 9. a3 Bxe5 10. Bxe5 Nxe5 11. dxe5 Ng4 12. Qe2 Nxe5 13. Rad1 Qe7 14. f4 Nd7
15. Qf3 b6 16. Nxd5 Qc5 17. Ne7+ Qxe7 18. Qxa8 Nc5 19. Qf3 Bb7 20. Qe2 Qf6
21. b4 Na4 22. Bxa6 Nc3 23. Qc4 Nxd1 24. Rxd1 Bxa6 25. Qxa6 Rd8 26. Rxd8+ Qxd8
27. Qd3 Qxd3 28. cxd3 b5 29. Kf2 Kf7 30. Ke2 Ke7 31. Kd2 Kd6 32. Kc3 Kd5 33. Kb3
c5 34. bxc5 Kxc5 35. Kc3 h6 36. h3 g5 37. fxg5 hxg5 38. g3 e5 39. d4+ exd4+
40. exd4+ Kd5 41. Kd3 f4 42. gxf4 gxf4 43. h4 f3 44. h5 f2 45. Ke2 Kxd4 46. h6
Kc3 47. h7 Kb3 48. h8=Q 1-0

[Event "Pohár města Říčany 2018"]
[Site "Městské kulturní středisko U labutě"]
[Date "2019.08.29"]
[Round "7.22"]
[White "Holub, Milan"]
[Black "Smolik, Jachym"]
[Result "0-1"]
[WhiteElo "1988"]
[BlackElo "1891"]
[PlyCount "0"]
[EventDate "2019.08.24"]

1. d4 Nf6 2. Nf3 g6 3. c4 Bg7 4. Nc3 d6 5. e4 O-O 6. Be2 e5 7. O-O Nc6 8. d5
Ne7 9. Bd2 Nd7 10. Ne1 f5 11. Nd3 Nf6 12. f3 f4 13. c5 g5 14. cxd6 cxd6 15. Qb3
Ng6 16. Nf2 h5 17. Rfc1 a6 18. Qa3 Rb8 19. Ncd1 Rf7 20. Rc2 Bf8 21. Rac1 g4
22. fxg4 hxg4 23. Ba5 b6 24. Be1 a5 25. Qd3 Bh6 26. Bf1 g3 27. hxg3 fxg3
28. Qxg3 Bxc1 29. Rxc1 Rg7 30. Qa3 Nf4 31. Ne3 Ne8 32. Rc2 Qg5 33. Nfd1 Nh3+
34. Kh1 Nf4 35. Kg1 Qh5 36. Nf2 Rh7 37. Nh3 Bxh3 38. gxh3 Rg7+ 39. Kh2 Qf3
40. Bf2 Qxe4 41. Rc3 Qg6 42. Ng4 Qh5 43. Rg3 Kh8 44. Qf3 Qh7 45. Be3 Qc2+
46. Kh1 Qf5 47. Kh2 Qf7 48. Bxf4 Qxf4 49. Qg2 Nc7 50. Kh1 Rf8 51. Be2 Nxd5 0-1

[Event "Pohár města Říčany 2018"]
[Site "Městské kulturní středisko U labutě"]
[Date "2019.08.29"]
[Round "7.23"]
[White "Stojkovic, Andreja"]
[Black "Horyna, Josef"]
[Result "1-0"]
[WhiteElo "1968"]
[BlackElo "1763"]
[PlyCount "0"]
[EventDate "2019.08.24"]

1. e4 e6 2. d4 d5 3. e5 c5 4. c3 Nc6 5. Nf3 Bd7 6. Be2 cxd4 7. cxd4 Be7 8. O-O
Qb6 9. Nc3 Rc8 10. a3 Na5 11. Bd3 Nb3 12. Rb1 Nxc1 13. Rxc1 a6 14. g3 Nh6
15. Nh4 O-O 16. Kg2 Nf5 17. Re1 1-0

[Event "Pohár města Říčany 2018"]
[Site "Městské kulturní středisko U labutě"]
[Date "2019.08.29"]
[Round "7.24"]
[White "Kuhnmund, Ivan"]
[Black "Cervenka, Petr"]
[Result "1/2-1/2"]
[WhiteElo "1631"]
[BlackElo "1850"]
[PlyCount "0"]
[EventDate "2019.08.24"]

1. e4 e6 2. Nc3 d5 3. g3 c5 4. Bg2 d4 5. Nce2 Nc6 6. f4 Nf6 7. Nf3 Be7 8. e5
Nd5 9. c4 d3 10. cxd5 Nb4 11. d6 dxe2 12. Qb3 b6 13. a3 Nd5 14. dxe7 Qxe7
15. Qb5+ Bd7 16. Qxe2 a6 17. b3 h5 18. O-O Bb5 19. d3 O-O-O 20. Rd1 Nc3 21. Qc2
Nxd1 22. Qxd1 Rxd3 23. Qe1 Rhd8 24. Be3 Rxb3 25. Nd2 Rbd3 26. a4 Be8 27. Nc4 Qc7
28. a5 b5 29. Nd6+ R8xd6 30. exd6 Qxd6 31. Bf2 Bc6 32. Bxc6 Qxc6 33. Rd1 Rxd1
34. Qxd1 g6 35. Qd2 c4 36. Bb6 Qd5 37. Qc3 Kd7 38. Kf2 Kc6 39. Ke3 Qg2 40. Qd4 1/2-1/2

[Event "Pohár města Říčany 2018"]
[Site "Městské kulturní středisko U labutě"]
[Date "2019.08.29"]
[Round "7.25"]
[White "Jirousek, Tadeas"]
[Black "Dubnicka, Augustin"]
[Result "1/2-1/2"]
[WhiteElo "1856"]
[BlackElo "1734"]
[PlyCount "0"]
[EventDate "2019.08.24"]

1. e4 c5 2. Nf3 d6 3. d4 cxd4 4. Nxd4 Nf6 5. Nc3 a6 6. Bg5 e6 7. f4 h6 8. Bh4
Be7 9. Qe2 Nbd7 10. O-O-O Qc7 11. g4 b5 12. Re1 Bb7 13. Bg2 Rc8 14. g5 hxg5
15. Bxg5 b4 16. Nd1 Qb6 17. Nf5 Bf8 18. e5 Nd5 19. exd6 g6 20. Ne7 Nxe7 21. Bxb7
Qxb7 22. Bxe7 Bxe7 23. dxe7 Kxe7 24. Ne3 Rc5 25. Rhf1 Qb5 26. Qg2 Rhh5 27. Kb1
Nf6 1/2-1/2

[Event "Pohár města Říčany 2018"]
[Site "Městské kulturní středisko U labutě"]
[Date "2019.08.29"]
[Round "7.26"]
[White "Kovar, Jan"]
[Black "Hampel, Rudolf"]
[Result "1-0"]
[WhiteElo "1885"]
[BlackElo "1660"]
[PlyCount "0"]
[EventDate "2019.08.24"]

1. e4 c5 2. Nf3 e6 3. b3 d5 4. Bb5+ Nc6 5. exd5 exd5 6. O-O Be7 7. Bb2 Nf6
8. Ne5 Qc7 9. Re1 O-O 10. Nxc6 bxc6 11. Be2 Bf5 12. Bf3 Rae8 13. h3 Qd7 14. Nc3
d4 15. Ne4 Nxe4 16. Bxe4 Bd6 17. Bxf5 Qxf5 18. d3 Re5 19. Qg4 Qf6 20. Re4 h5
21. Qe2 Rfe8 22. Re1 Rxe4 23. dxe4 h4 24. Bc1 Bf4 25. Ba3 Bc7 26. Bc1 Ba5
27. Bd2 Bxd2 28. Qxd2 Qe6 29. Qd3 Qg6 30. f4 Qh6 31. Qf3 Qd6 32. Kf2 a5 33. e5
Qd7 34. f5 a4 35. bxa4 c4 36. Qe4 c5 37. e6 fxe6 38. fxe6 Qe7 39. Qd5 Rf8+
40. Kg1 g5 41. Re5 Rf6 42. Rxg5+ Kf8 43. Qa8+ 1-0

[Event "Pohár města Říčany 2018"]
[Site "Městské kulturní středisko U labutě"]
[Date "2019.08.29"]
[Round "7.27"]
[White "Ocelak, Jakub"]
[Black "Bartos, Vaclav"]
[Result "1/2-1/2"]
[WhiteElo "1781"]
[BlackElo "1809"]
[PlyCount "0"]
[EventDate "2019.08.24"]

1. e4 c5 2. Nf3 e6 3. c3 d5 4. e5 Nc6 5. d4 Qb6 6. a3 Nge7 7. b4 cxb4 8. cxb4
Ng8 9. Bb2 Bd7 10. g4 Nh6 11. h3 1/2-1/2

[Event "Pohár města Říčany 2018"]
[Site "Městské kulturní středisko U labutě"]
[Date "2019.08.29"]
[Round "7.28"]
[White "Dome, Michal"]
[Black "Vit, Zdenek"]
[Result "1/2-1/2"]
[BlackElo "1747"]
[EventDate "2019.08.24"]
[PlyCount "0"]
[WhiteElo "1799"]

1. d4 Nf6 2. c4 g6 3. Nf3 Bg7 4. e3 O-O 5. Be2 c6 6. O-O d5 7. Nbd2 Nbd7 8. b3
c5 9. Bb2 b6 10. Ne5 Bb7 11. Rc1 Nxe5 12. dxe5 Nd7 13. f4 e6 14. Nf3 Qe7 15.
Qc2 Rad8 16. Bd3 Nb8 17. cxd5 Bxd5 18. Ng5 Bb7 19. Ne4 Bxe4 20. Bxe4 f6 21.
exf6 Bxf6 22. Bxf6 Qxf6 23. Qc4 Kg7 24. a4 Rf7 25. Rfd1 Rfd7 26. Qc2 e5 27.
Rxd7+ Rxd7 28. f5 g5 29. Rd1 Qe7 30. f6+ Qxf6 31. Rxd7+ Nxd7 32. Bxh7 Nf8 33.
Be4 Qd6 34. Qe2 Nd7 35. Qg4 Nf6 36. Qxg5+ Kf8 37. Bf3 Kf7 38. h4 Qd3 39. Qxe5
Qxb3 40. Bh5+ Nxh5 41. Qxh5+ Kg7 42. Qg5+ Kh7 43. Qf5+ Kg7 44. Qe5+ Kh7 45.
Qe4+ Kg7 46. Qe7+ Kg6 47. Qg5+ Kh7 48. g4 c4 49. Qe7+ Kg8 50. Qe8+ Kg7 51. Qe7+
Kg8 52. Qe8+ Kg7  1/2-1/2

[Event "Pohár města Říčany 2018"]
[Site "Městské kulturní středisko U labutě"]
[Date "2019.08.29"]
[Round "7.30"]
[White "Rerabek, Jaroslav"]
[Black "Kalvach, Ladislav"]
[Result "0-1"]
[WhiteElo "1733"]
[BlackElo "1784"]
[PlyCount "0"]
[EventDate "2019.08.24"]

1. d4 Nf6 2. Bg5 Ne4 3. Bf4 d5 4. f3 Nf6 5. e3 e6 6. a3 Nbd7 7. c3 c5 8. Bd3
Nh5 9. Bg3 Nxg3 10. hxg3 Qg5 11. Kf2 h5 12. f4 Qh6 13. Nf3 Be7 14. g4 g6 15. g5
Qg7 16. Nh4 a6 17. a4 c4 18. Bc2 b6 19. Nd2 Bb7 20. Qe2 Rc8 21. e4 dxe4 22. Bxe4
Bxe4 23. Qxe4 O-O 24. Ndf3 Rfd8 25. f5 gxf5 26. Nxf5 exf5 27. Qxe7 f6 28. Qe6+
Qf7 29. Qxf5 fxg5 30. Qxg5+ Kf8 31. Rxh5 Nf6 32. Rh4 Rd5 33. Qh6+ Ke8 34. Re1+
Kd8 35. Rf4 Rc6 36. Ne5 Rxe5 37. Qh8+ Re8 38. Rxe8+ Qxe8 39. Qh4 Qe7 40. Kf3 Re6
41. Kg3 Ne4+ 42. Rxe4 Rxe4 0-1

[Event "Pohár města Říčany 2018"]
[Site "Městské kulturní středisko U labutě"]
[Date "2019.08.29"]
[Round "7.31"]
[White "Otrubova, Kristyna"]
[Black "Strnad, Michael"]
[Result "1-0"]
[WhiteElo "1712"]
[BlackElo "1726"]
[PlyCount "0"]
[EventDate "2019.08.24"]

1. e4 c5 2. Nf3 e6 3. d3 Nc6 4. Nbd2 Qc7 5. g3 d5 6. Bg2 Nf6 7. O-O Be7 8. Re1
O-O 9. e5 Nd7 10. Qe2 b5 11. c3 a5 12. Nf1 b4 13. h4 bxc3 14. bxc3 Rb8 15. h5
Re8 16. h6 g6 17. N1h2 a4 18. Ng4 Ba6 19. Ng5 Qd8 20. Nh3 Qa5 21. Bd2 Rb2
22. Rad1 Qc7 23. Bxd5 exd5 24. e6 Nf8 25. exf7+ Kxf7 26. Qf3+ Kg8 27. Qxd5+ Kh8
28. Qf7 1-0

[Event "Pohár města Říčany 2018"]
[Site "Městské kulturní středisko U labutě"]
[Date "2019.08.29"]
[Round "7.32"]
[White "Hadrava, Jaroslav"]
[Black "Nentvich, Libor"]
[Result "*"]
[WhiteElo "1937"]
[BlackElo "1822"]
[PlyCount "0"]
[EventDate "2019.08.24"]

1. e4 c5 2. Nf3 g6 3. d4 cxd4 4. Nxd4 Nc6 5. Nxc6 bxc6 6. Qd4 Nf6 7. e5 Nd5
8. c4 Qa5+ 9. Bd2 Nb4 10. Bxb4 Qxb4+ 11. Qc3 Rb8 12. Qxb4 Rxb4 13. b3 Bg7
14. Nd2 Bxe5 15. Rd1 Bc3 16. Be2 d5 17. O-O d4 18. Ne4 Bb2 19. Rd2 Bf5 20. Bf3
Bxe4 21. Bxe4 Bc3 22. Bxc6+ Kd8 23. Rd3 Kc7 24. Bb5 Kb6 25. Rb1 e5 26. a3 Rxb5
27. cxb5 Kxb5 28. Rc1 Rc8 29. Kf1 Rc6 30. Ke2 e4 31. Rdd1 f5 32. f3 Kc5 33. fxe4
fxe4 34. Rf1 Kd5 35. Rf7 d3+ 36. Kd1 Kd4 37. Rd7+ Ke5 38. Re7+ Kf4 39. Rf7+ Ke5
40. Re7+ Kf4 41. Rf7+ Rf6 42. Rxc3 Rxf7 {Dale necitelne.} *

[Event "Pohár města Říčany 2018"]
[Site "Městské kulturní středisko U labutě"]
[Date "2019.08.30"]
[Round "8.1"]
[White "Mladek, Richard"]
[Black "Zizka, Petr"]
[Result "1-0"]
[WhiteElo "2266"]
[BlackElo "2081"]
[PlyCount "0"]
[EventDate "2019.08.24"]

1. e4 {[%clk 01:30:58]} c5 {[%clk 01:30:50]} {[%emt 00:00:11]} 2. Nf3 {[%clk
01:31:23]} {[%emt 00:00:05]} Nc6 {[%clk 01:31:06]} {[%emt 00:00:14]} 3. d4
{[%clk 01:31:46]} {[%emt 00:00:06]} cxd4 {[%clk 01:31:29]} {[%emt 00:00:08]} 4.
Nxd4 {[%clk 01:32:14]} {[%emt 00:00:02]} Nf6 {[%clk 01:31:46]} {[%emt
00:00:13]} 5. Nc3 {[%clk 01:32:38]} {[%emt 00:00:05]} e5 {[%clk 01:32:01]}
{[%emt 00:00:13]} 6. Ndb5 {[%clk 01:33:03]} {[%emt 00:00:07]} d6 {[%clk
01:32:24]} {[%emt 00:00:08]} 7. Nd5 {[%clk 01:33:27]} {[%emt 00:00:05]} Nxd5
{[%clk 01:32:44]} {[%emt 00:00:10]} 8. exd5 {[%clk 01:33:55]} {[%emt 00:00:02]}
Ne7 {[%clk 01:29:34]} {[%emt 00:03:40]} 9. c4 {[%clk 01:34:15]} {[%emt
00:00:10]} Ng6 {[%clk 01:29:16]} {[%emt 00:00:49]} 10. Qa4 {[%clk 01:34:17]}
{[%emt 00:00:28]} Bd7 {[%clk 01:29:21]} {[%emt 00:00:24]} 11. Qb4 {[%clk
01:34:45]} {[%emt 00:00:02]} Qb8 {[%clk 01:28:54]} {[%emt 00:00:56]} 12. h4
{[%clk 01:34:25]} {[%emt 00:00:51]} h5 {[%clk 01:15:05]} {[%emt 00:14:20]} 13.
Bg5 {[%clk 01:29:08]} {[%emt 00:05:47]} a6 {[%clk 01:09:31]} {[%emt 00:06:04]}
14. Nc3 {[%clk 01:29:02]} {[%emt 00:00:36]} f5 {[%clk 01:08:59]} {[%emt
00:01:03]} 15. Rh3 {[%clk 01:21:33]} {[%emt 00:07:59]} Be7 {[%clk 00:58:36]}
{[%emt 00:10:53]} 16. O-O-O {[%clk 01:07:31]} {[%emt 00:14:32]} Bxg5+ {[%clk
00:54:11]} {[%emt 00:04:55]} 17. hxg5 {[%clk 01:07:53]} {[%emt 00:00:07]} Kf7
{[%clk 00:49:41]} {[%emt 00:05:01]} 18. g3 {[%clk 01:04:01]} {[%emt 00:04:23]}
e4 {[%clk 00:42:41]} {[%emt 00:07:30]} 19. Kb1 {[%clk 00:53:44]} {[%emt
00:10:46]} Ne5 {[%clk 00:31:35]} {[%emt 00:11:36]} 20. c5 {[%clk 00:54:04]}
{[%emt 00:00:11]} g6 {[%clk 00:24:45]} {[%emt 00:07:19]} 21. f4 {[%clk
00:44:51]} {[%emt 00:09:42]} exf3 {[%clk 00:23:58]} {[%emt 00:01:18]} 22. Qf4
{[%clk 00:43:48]} {[%emt 00:01:33]} Kg7 {[%clk 00:21:59]} {[%emt 00:02:29]} 23.
Re1 {[%clk 00:36:35]} {[%emt 00:07:43]} Re8 {[%clk 00:21:56]} {[%emt 00:00:33]}
24. cxd6 {[%clk 00:35:27]} {[%emt 00:01:38]} Qxd6 {[%clk 00:22:00]} {[%emt
00:00:26]} 25. Re3 {[%clk 00:35:51]} {[%emt 00:00:06]} b5 {[%clk 00:20:26]}
{[%emt 00:02:05]} 26. a3 {[%clk 00:35:14]} {[%emt 00:01:07]} a5 {[%clk
00:08:05]} {[%emt 00:12:51]} 27. Bxb5 {[%clk 00:34:58]} {[%emt 00:00:45]} Bxb5
{[%clk 00:07:40]} {[%emt 00:00:55]} 28. Nxb5 {[%clk 00:35:27]} {[%emt
00:00:01]} Qxd5 {[%clk 00:03:57]} {[%emt 00:04:13]} 29. Nc7 {[%clk 00:34:43]}
{[%emt 00:01:15]} Qd1+ {[%clk 00:04:22]} {[%emt 00:00:04]} 30. Ka2 {[%clk
00:35:11]} {[%emt 00:00:01]} a4 {[%clk 00:01:56]} {[%emt 00:02:57]} 31. Rh2
{[%clk 00:28:57]} {[%emt 00:06:44]} Nd3 {[%clk 00:01:01]} {[%emt 00:01:25]} 32.
Nxe8+ {[%clk 00:26:12]} {[%emt 00:03:15]} Kh7 {[%clk 00:00:32]} {[%emt
00:00:59]} 33. Qc7+ {[%clk 00:26:35]} {[%emt 00:00:07]} 1-0

[Event "Pohár města Říčany 2018"]
[Site "Městské kulturní středisko U labutě"]
[Date "2019.08.30"]
[Round "8.2"]
[White "Petr, Jakub"]
[Black "Neuman, Petr"]
[Result "1/2-1/2"]
[WhiteElo "2307"]
[BlackElo "2392"]
[PlyCount "0"]
[EventDate "2019.08.24"]

1. d4 Nf6 2. Bg5 d5 3. Bxf6 gxf6 4. c4 dxc4 5. e3 a6 6. Bxc4 e6 7. Qh5 Rg8
8. Nf3 Rxg2 9. Nc3 Rg6 10. O-O-O Rh6 11. Qg4 Rg6 12. Qh5 Rh6 13. Qg4 Rg6 14. Qh4
Rh6 15. Qg4 Rg6 1/2-1/2

[Event "Pohár města Říčany 2018"]
[Site "Městské kulturní středisko U labutě"]
[Date "2019.08.30"]
[Round "8.3"]
[White "Vojta, Tomas"]
[Black "Rodshtein, Tereza"]
[Result "1/2-1/2"]
[WhiteElo "2363"]
[BlackElo "2208"]
[PlyCount "0"]
[EventDate "2019.08.24"]

1. d4 d5 2. Bf4 Nf6 3. e3 c6 4. Nf3 Bf5 5. c4 e6 6. Nc3 Be7 7. Qb3 Qc8 8. cxd5
exd5 9. Rc1 O-O 10. Be2 Nbd7 11. O-O Rd8 12. Ne5 Nxe5 13. Bxe5 Ne4 14. Nxe4 Bxe4
15. Bd3 Bxd3 16. Qxd3 Bd6 17. Bxd6 Rxd6 18. Rc2 Qd7 19. b4 Re8 20. Rfc1 Rg6
21. a4 a6 22. Qf1 h5 23. b5 axb5 24. axb5 h4 25. bxc6 bxc6 26. Re2 Qg4 27. f3
Qg5 28. Rce1 Rge6 29. e4 dxe4 30. fxe4 Qb5 31. Qf3 Qb4 32. Qf2 Rd6 33. Qxh4
Qxd4+ 34. Qf2 Qxf2+ 35. Kxf2 c5 36. Rc1 Re5 37. Rc4 f5 38. Rec2 Rc6 39. Kf3 Kf7
40. g3 1/2-1/2

[Event "Pohár města Říčany 2018"]
[Site "Městské kulturní středisko U labutě"]
[Date "2019.08.30"]
[Round "8.4"]
[White "Stanek, Ondrej"]
[Black "Svatos, Jan"]
[Result "0-1"]
[WhiteElo "2047"]
[BlackElo "2232"]
[PlyCount "0"]
[EventDate "2019.08.24"]

1. e4 c5 2. Nf3 e6 3. d4 cxd4 4. Nxd4 Nc6 5. Nc3 a6 6. Be3 Qc7 7. a3 Nf6 8. g3
Be7 9. Bg2 O-O 10. O-O d6 11. f4 Bd7 12. Nb3 Na5 13. Nxa5 Qxa5 14. Qd2 Kh8
15. h3 Rac8 16. Qf2 Qc7 17. g4 Bc6 18. g5 Nd7 19. f5 Ne5 20. f6 Bd8 21. fxg7+
Kxg7 22. Bd4 Bb5 23. Nxb5 axb5 24. Qg3 Qxc2 25. Bxe5+ dxe5 26. Qxe5+ Kg8
27. Qxb5 Rc5 28. Qxb7 Rxg5 29. Rf2 Qc5 30. Rf1 Bc7 31. Kh1 Rb8 32. Qc6 Qe5
33. Bf3 Qg3 34. Bg4 Qe5 35. Qc2 h5 36. Bf3 Qg3 37. Rg2 Qxh3+ 38. Kg1 Bb6+
39. Rf2 Rxg2+ 40. Bxg2 Qg3 41. b4 Ra8 42. Kf1 Qxf2+ 43. Qxf2 Bxf2 44. Kxf2 Rxa3
45. b5 Rb3 46. Bf1 h4 47. Kg2 Re3 48. e5 Rxe5 49. b6 Re4 0-1

[Event "Pohár města Říčany 2018"]
[Site "Městské kulturní středisko U labutě"]
[Date "2019.08.30"]
[Round "8.5"]
[White "Vojta, Jakub"]
[Black "Hadzala, Daniel"]
[Result "0-1"]
[WhiteElo "2256"]
[BlackElo "2047"]
[PlyCount "0"]
[EventDate "2019.08.24"]

1. e4 e6 2. d4 d5 3. Nc3 Nf6 4. Bg5 Be7 5. e5 Ne4 6. Bxe7 Qxe7 7. Nxe4 dxe4
8. c3 c5 9. d5 exd5 10. Qxd5 Nc6 11. Bb5 Bd7 12. Qxe4 Nxe5 13. Qxb7 O-O 14. Be2
Rab8 15. Qxa7 Rxb2 16. Rd1 Re8 17. Kf1 Nd3 18. Bxd3 Rd2 19. Rb1 Rxd3 20. Qa6 Bf5
21. g4 Qe4 0-1

[Event "Pohár města Říčany 2018"]
[Site "Městské kulturní středisko U labutě"]
[Date "2019.08.30"]
[Round "8.6"]
[White "Novotny, Martin"]
[Black "Vlkova, Anezka"]
[Result "1-0"]
[WhiteElo "2178"]
[BlackElo "1973"]
[PlyCount "0"]
[EventDate "2019.08.24"]

1. d4 e6 2. c4 Nf6 3. Nf3 d5 4. Nc3 dxc4 5. e3 a6 6. a4 b6 7. Bxc4 Bb7 8. O-O
Bb4 9. Qe2 c5 10. Rd1 Nbd7 11. Na2 Ba5 12. b3 O-O 13. Ba3 Qb8 14. Rac1 Nd5
15. e4 Nf4 16. Qe3 Re8 17. dxc5 Nxc5 18. b4 Nxe4 19. bxa5 b5 20. Bf1 1-0

[Event "Pohár města Říčany 2018"]
[Site "Městské kulturní středisko U labutě"]
[Date "2019.08.30"]
[Round "8.7"]
[White "Vystrcil, Martin"]
[Black "Zvolensky, David"]
[Result "1/2-1/2"]
[WhiteElo "2106"]
[BlackElo "2152"]
[PlyCount "0"]
[EventDate "2019.08.24"]

1. e4 e5 2. Nf3 Nc6 3. Nc3 Nf6 4. d4 exd4 5. Nxd4 Bb4 6. Nxc6 bxc6 7. Bd3 d5
8. exd5 O-O 9. O-O cxd5 10. h3 Re8 11. Qf3 c6 12. Bf4 Qe7 13. Ne2 Bd6 14. Bxd6
Qxd6 15. Nf4 Rb8 16. b3 Ne4 17. Rfe1 Bf5 18. Ne2 Bg6 19. Qf4 Qc5 20. Bxe4 Bxe4
21. c3 Rbd8 22. Qd2 Re6 23. Ng3 Rde8 24. Nxe4 Rxe4 25. Rxe4 Rxe4 26. Re1 Qe7
27. Rxe4 Qxe4 28. Kh2 c5 29. Qe3 Qxe3 30. fxe3 Kf8 31. Kg3 Ke7 32. Kf3 Kd6
33. e4 f6 34. a3 g6 35. Ke3 dxe4 36. Kxe4 f5+ 37. Kf4 h6 38. h4 Ke6 39. b4 Kf6
40. b5 g5+ 41. Ke3 Ke5 42. a4 Kd5 43. a5 Kd6 44. Kd3 Kd5 45. Ke2 Kd6 46. a6 Kc7
47. Kd3 Kb6 48. c4 Ka5 49. Ke3 Kb6 50. Kf3 Ka5 51. g3 Kb6 52. g4 f4 53. hxg5
hxg5 1/2-1/2

[Event "Pohár města Říčany 2018"]
[Site "Městské kulturní středisko U labutě"]
[Date "2019.08.30"]
[Round "8.8"]
[White "Stepanek, Svatopluk"]
[Black "Rut, Vojtech"]
[Result "0-1"]
[WhiteElo "1822"]
[BlackElo "2115"]
[PlyCount "0"]
[EventDate "2019.08.24"]

1. d4 e6 2. Bf4 f5 3. Nc3 Nf6 4. h3 b6 5. e3 Bb7 6. Nf3 Be7 7. Bd3 O-O 8. Rg1
c5 9. Nb5 Nd5 10. Bh2 cxd4 11. Nfxd4 Nc6 12. Nd6 Nxd4 13. Nxb7 Qc8 14. Nd6 Qc6
15. exd4 Bxd6 16. Bxd6 Qxd6 17. Qd2 e5 18. O-O-O e4 19. Bc4 Kh8 20. Kb1 a5
21. Bxd5 Qxd5 22. Qf4 a4 23. g4 a3 24. b3 Rac8 25. Qe5 Qc6 26. c4 Rce8 27. Qg3
f4 28. Qc3 d5 29. Rge1 Rc8 30. Rc1 Rfd8 31. Qb4 Qg6 32. Ka1 dxc4 33. Rxc4 Rxc4
34. Qxc4 h6 35. Qb4 Qc6 36. Qxa3 0-1

[Event "Pohár města Říčany 2018"]
[Site "Městské kulturní středisko U labutě"]
[Date "2019.08.30"]
[Round "8.9"]
[White "Dunder, Ondrej"]
[Black "Voracek, Zdenek"]
[Result "1-0"]
[WhiteElo "1717"]
[BlackElo "1938"]
[PlyCount "0"]
[EventDate "2019.08.24"]

1. Nf3 d5 2. d4 Nf6 3. e3 e6 4. Bd3 c5 5. b3 b6 6. O-O Be7 7. Bb2 O-O 8. Nbd2
Nc6 9. Re1 Qc7 10. c4 Rd8 11. cxd5 exd5 12. Rc1 Nb4 13. Bb1 Ba6 14. Ne5 Nd7
15. Bxh7+ Kf8 16. Qh5 Nxe5 17. dxe5 g6 18. Qh6+ Ke8 19. Bxg6 fxg6 20. e6 Bf8
21. Qxg6+ 1-0

[Event "Pohár města Říčany 2018"]
[Site "Městské kulturní středisko U labutě"]
[Date "2019.08.30"]
[Round "8.10"]
[White "Groh, Jiri"]
[Black "Reljic, Michael"]
[Result "1-0"]
[WhiteElo "2001"]
[BlackElo "1890"]
[PlyCount "0"]
[EventDate "2019.08.24"]

1. Nf3 d5 2. c4 e6 3. e3 c5 4. cxd5 exd5 5. d4 Nc6 6. Nc3 Nf6 7. Bd3 Bg4 8. O-O
cxd4 9. exd4 Nxd4 10. Qe1+ Ne6 11. Bb5+ Nd7 12. Ne5 Bb4 13. Bxd7+ Kf8 14. Bd2
1-0

[Event "Pohár města Říčany 2018"]
[Site "Městské kulturní středisko U labutě"]
[Date "2019.08.30"]
[Round "8.12"]
[White "Nemecek, Pavel"]
[Black "Maly, Filip"]
[Result "1-0"]
[WhiteElo "1801"]
[BlackElo "1941"]
[PlyCount "0"]
[EventDate "2019.08.24"]

1. e4 c5 2. Nc3 a6 3. g3 b5 4. Bg2 Bb7 5. d3 e6 6. f4 Nf6 7. Nf3 d5 8. e5 Nfd7
9. O-O Nc6 10. Re1 Qc7 11. Ng5 Nd4 12. Nxd5 Bxd5 13. Bxd5 exd5 14. e6 O-O-O
15. Nxf7 Rg8 16. Nxd8 Nf6 17. c3 Nf5 18. Nf7 Be7 19. Re5 g6 20. Qf3 h5 21. a4
Ng4 22. Rxd5 Qb7 23. Qh1 c4 24. d4 h4 25. Rd7 Qxh1+ 26. Kxh1 hxg3 27. hxg3 b4
28. a5 Rg7 29. Ne5 Nf6 30. Ra7 Nxg3+ 31. Kg2 Nfh5 32. Rxa6 Nf5 33. Rc6+ Kb8
34. a6 Bh4 35. a7+ Rxa7 36. Rxa7 Kxa7 37. Nxg6 bxc3 38. bxc3 1-0

[Event "Pohár města Říčany 2018"]
[Site "Městské kulturní středisko U labutě"]
[Date "2019.08.30"]
[Round "8.13"]
[White "Svetly, Jiri"]
[Black "Toulec, Stanislav"]
[Result "0-1"]
[WhiteElo "1871"]
[BlackElo "1930"]
[PlyCount "0"]
[EventDate "2019.08.24"]

1. d4 f5 2. c4 Nf6 3. Nc3 e6 4. Nf3 d5 5. Bg5 Be7 6. e3 O-O 7. Qc2 Ne4 8. Bxe7
Qxe7 9. Bd3 c6 10. O-O Nd6 11. Ne5 Nd7 12. c5 Nf7 13. Nxd7 Bxd7 14. b4 g5 15. f4
Kh8 16. Qe2 Rg8 17. a4 Rg7 18. Kh1 gxf4 19. exf4 Rag8 20. Qf2 Qf6 21. Rg1 Rg3
22. Rad1 Nh6 23. Ne2 Qh4 24. h3 Rxh3+ 25. gxh3 Qxf2 26. Rxg8+ Nxg8 27. Rg1 Qf3+
0-1

[Event "Pohár města Říčany 2018"]
[Site "Městské kulturní středisko U labutě"]
[Date "2019.08.30"]
[Round "8.14"]
[White "Otruba, Marek"]
[Black "Tejkal, Jiri"]
[Result "0-1"]
[WhiteElo "2133"]
[BlackElo "1881"]
[PlyCount "0"]
[EventDate "2019.08.24"]

1. d4 Nf6 2. c4 g6 3. Nc3 Bg7 4. e4 d6 5. Nf3 O-O 6. Be2 e5 7. d5 a5 8. Bg5 h6
9. Be3 Na6 10. Nd2 Nd7 11. a3 f5 12. f3 Nf6 13. Rb1 Bd7 14. b4 axb4 15. axb4 b6
16. O-O f4 17. Bf2 g5 18. c5 bxc5 19. Bxa6 Rxa6 20. bxc5 g4 21. Nc4 gxf3
22. gxf3 Bh3 23. Re1 Ne8 24. Kh1 Bf6 25. Qe2 Ra8 26. cxd6 cxd6 27. Nb5 Rb8
28. Na7 Rxb1 29. Rxb1 Rf7 30. Nc6 Qa8 31. Nxd6 Rg7 32. Ba7 Rxa7 33. Nxe8 Ra1
34. Nxf6+ Kf7 35. Qd1 Qa2 36. Nd8+ Kxf6 37. Rb6+ Ke7 38. Nc6+ Kf8 39. Rb8+ Kf7
40. Rb7+ Kf6 0-1

[Event "Pohár města Říčany 2018"]
[Site "Městské kulturní středisko U labutě"]
[Date "2019.08.30"]
[Round "8.15"]
[White "Hejsek, Lukas"]
[Black "Krizek, Krystof"]
[Result "1/2-1/2"]
[WhiteElo "1948"]
[BlackElo "1984"]
[PlyCount "0"]
[EventDate "2019.08.24"]

1. d4 d5 2. Nf3 Nf6 3. g3 e6 4. Bg2 b5 5. O-O Bb7 6. b3 Be7 7. c4 bxc4 8. bxc4
dxc4 9. Na3 Nbd7 10. Nxc4 c5 11. Qa4 O-O 12. Na5 Bd5 13. Ba3 cxd4 14. Bxe7 Qxe7
15. Qxd4 Rfd8 16. Rfc1 Nb6 17. Qf4 Rdc8 18. Ne5 Bxg2 19. Kxg2 Nfd5 20. Qf3 Rxc1
21. Rxc1 Rf8 22. Nac6 Qg5 1/2-1/2